00720nam a2200217 a 4500008004100000020002500041245012800066260003400194300001200228300004500240500002000285504004100305650003800346650002500384700002200409700002400431700002000455003000100475005001700476040000900493  a9781437708875 (hbk.)10aHealth information :bmanagement of a strategic resource /cedited by Mervat Abdelhak, Sara Grostick and Mary Alice Hanken. aSt Louis :bElsevier ;c2012. a4th ed. axix, 740 p. :bill. [some col] ;c29 cm. aIncludes index. aIncludes bibliographical references. aInformation resources management. 1aMedical informatics. aAbdelhak, Mervat. aHanken, Mary Alice. aGrostick, Sara.20230123125421.0 cNUST